| 000 | 02949nam a22002537a 4500 | ||
|---|---|---|---|
| 001 | 216220152 | ||
| 003 | UA-OsUOA | ||
| 005 | 20210129164108.0 | ||
| 008 | 210129b un ||||| m||| 00| 0 ukr d | ||
| 040 |
_aUA-OsUOA _bukr _cUA-OsUOA _dUA-OsUOA |
||
| 041 | _aukr | ||
| 080 | _a330.4:728.1 | ||
| 090 | _a330.4:728.1 | ||
| 095 |
_a08.00.11 _bматематичні методи, моделі та інформаційні технології в економіці |
||
| 100 | _aРевякін В. О. | ||
| 245 |
_aМатематичні моделі та методи визначення тривалості реалізації проектів будівництва в умовах заданих обмежень (на прикладі житлового будівництва) _cРевякін Валентин Олександрович ; наук. керівник Більовський Костянтин Едуардович |
||
| 260 |
_aХмельницький _c2016 |
||
| 300 | _a20 с. | ||
| 502 |
_6Автореферат дисертації на здобуття наукового ступеня кандидата економічних наук
_cХмельницький національний університет _d2016 |
||
| 520 | _aДисертаційна робота присвячена удосконаленню методів оцінки можливості реалізації будівельних проектів в умовах заданих ресурсних та часових обмежень, розробці методів визначення раціональної тривалості виконання робіт на основі моделювання тривалості простих робіт в складних будівельних потоках. Розроблено системи математичних моделей зведення одно- і багатосекційних житлових будинків із різними схемами організації робіт. Запропоновано методи моделювання технологічної та часової послідовності виконання будівельно-монтажних робіт, які дозволяють в автоматизованому режимі оцінювати можливість реалізації будівельних проектів в умовах заданих обмежень, розробляти і досліджувати різні варіанти тривалості будівництва. Запропоновано методику автоматизованої розробки відповідних планів реалізації проектів та ресурсного забезпечення. | ||
| 650 |
_2UDC _a330 Економіка загалом |
||
| 942 |
_2udc _cAR |
||
| 955 | _a1 | ||
| 999 |
_c570121 _d570121 |
||